Masyarakat Islam : Di era wawasan 2020

Bibliographic Details
Main Author: Muhammad Abdullah Al-Khatib
Corporate Author: Islam
Format: Book
Published: Kuala Lumpur : Pustaka Hamdura , 1991
Subjects:

MARC

LEADER 00000cam a2200000 7i4500
001 0000004411
005 20050623.0
020 |a 9839610022 
040 |a INS 
090 0 0 |a BP163.   |b I753 1991 
100 0 |a Muhammad Abdullah Al-Khatib 
245 0 0 |a Masyarakat Islam :   |b Di era wawasan 2020   |c Muhammad Abdullah Al-Khatib 
260 |a Kuala Lumpur :   |b Pustaka Hamdura ,   |c 1991 
300 |a 244p. 
650 0 0 |a Islam and humanism 
650 0 0
710 1 |a Islam 
999 |a 0000006367   |b BOOK   |c Open Shelf   |e Default branch